000 00968nam a2200265Ia 4500
003 OSt
005 20221005103214.0
006 a|||||r|||| 00| 0
007 ta
008 221004b |||||||| |||| 00| 0 hin d
024 _a108585
037 _cTextual
040 _aCRL
_cCRL
_bhin
041 _2hin
_ahin
082 _aO152,1K13x, J8
100 _aमिश्र, श्यामबिहारी
245 0 _aभूषण ग्रंथावली
246 _aBhūṣhaṇ granthāvalī
260 _aकाशी
_bनागरी प्रचारिणी सभा भारत
_c1958
300 _a154पृ0
_ccm.
650 _aहिन्दी साहित्य
700 _a मिश्र, शुकदेवबिहारी
942 _hO152,1K13x, J8
_cTEXL
_2cc
999 _c1009637
_d1009637